<?xml version="1.0" encoding="UTF-8"?>
<record
    xmlns:xsi="http://www.w3.org/2001/XMLSchema-instance"
    xsi:schemaLocation="http://www.loc.gov/MARC21/slim http://www.loc.gov/standards/marcxml/schema/MARC21slim.xsd"
    xmlns="http://www.loc.gov/MARC21/slim">

  <leader>01023nam a2200265 a 4500</leader>
  <controlfield tag="001">BRCA_4044</controlfield>
  <controlfield tag="005">20190320204526.0</controlfield>
  <controlfield tag="008">110210s1969----nyua######---#000-0#eng-#</controlfield>
  <datafield tag="041" ind1=" " ind2=" ">
    <subfield code="a">eng</subfield>
  </datafield>
  <datafield tag="044" ind1=" " ind2=" ">
    <subfield code="a">nyu</subfield>
  </datafield>
  <datafield tag="050" ind1=" " ind2="4">
    <subfield code="a">N5220</subfield>
    <subfield code="b">.C44 1969</subfield>
  </datafield>
  <datafield tag="245" ind1="1" ind2="0">
    <subfield code="a">The Celebrated Collection of America formed by the late Thomas Winthrop Streeter, Morristown, New Jersey</subfield>
    <subfield code="b">public auction, Tuesday Apri&#xF1; 22 at 8 p.m., Wednesday April 23 at 1:45 p.m. and 8 p.m.</subfield>
  </datafield>
  <datafield tag="260" ind1=" " ind2=" ">
    <subfield code="a">Nueva York</subfield>
    <subfield code="b">Parke-Bernet Galleries</subfield>
    <subfield code="c">1969</subfield>
  </datafield>
  <datafield tag="300" ind1=" " ind2=" ">
    <subfield code="a">p. 2284-2766 (v.6)</subfield>
    <subfield code="b">il., mapas</subfield>
    <subfield code="c">26 cm.</subfield>
  </datafield>
  <datafield tag="500" ind1=" " ind2=" ">
    <subfield code="a">Cat&#xE1;logo de subasta inventariado por Banco de M&#xE9;xico como libro</subfield>
  </datafield>
  <datafield tag="500" ind1=" " ind2=" ">
    <subfield code="a">CEF41</subfield>
  </datafield>
  <datafield tag="650" ind1="1" ind2="4">
    <subfield code="a">Arte</subfield>
    <subfield code="z">Estados Unidos</subfield>
    <subfield code="9">7806</subfield>
  </datafield>
  <datafield tag="650" ind1="1" ind2="4">
    <subfield code="a">Arte</subfield>
    <subfield code="x">Colecciones particulares</subfield>
    <subfield code="9">7906</subfield>
  </datafield>
  <datafield tag="650" ind1="1" ind2="4">
    <subfield code="a">Coleccionistas y colecciones</subfield>
    <subfield code="9">10495</subfield>
  </datafield>
  <datafield tag="650" ind1="1" ind2="4">
    <subfield code="a">Subastas</subfield>
    <subfield code="x">Galer&#xED;as y museos</subfield>
    <subfield code="z">Estados Unidos</subfield>
    <subfield code="9">10496</subfield>
  </datafield>
  <datafield tag="700" ind1="1" ind2=" ">
    <subfield code="a">Winthrop Streeter, Thomas</subfield>
    <subfield code="9">10497</subfield>
  </datafield>
  <datafield tag="710" ind1="2" ind2=" ">
    <subfield code="a">Parke-Bernet Galleries (Nueva York)</subfield>
    <subfield code="9">10391</subfield>
  </datafield>
  <datafield tag="902" ind1=" " ind2=" ">
    <subfield code="a">GFM</subfield>
  </datafield>
  <datafield tag="942" ind1=" " ind2=" ">
    <subfield code="2">lcc</subfield>
    <subfield code="c">B</subfield>
  </datafield>
  <datafield tag="999" ind1=" " ind2=" ">
    <subfield code="c">3768</subfield>
    <subfield code="d">3768</subfield>
  </datafield>
  <datafield tag="952" ind1=" " ind2=" ">
    <subfield code="0">0</subfield>
    <subfield code="1">0</subfield>
    <subfield code="4">0</subfield>
    <subfield code="7">0</subfield>
    <subfield code="a">BRCA</subfield>
    <subfield code="b">BRCA</subfield>
    <subfield code="d">2010-02-11</subfield>
    <subfield code="i">CEF41</subfield>
    <subfield code="l">0</subfield>
    <subfield code="o">N5220 .C44 1969 (CEF41)</subfield>
    <subfield code="p">4041</subfield>
    <subfield code="r">2019-03-22 00:00:00</subfield>
    <subfield code="w">2019-03-22</subfield>
    <subfield code="y">B</subfield>
  </datafield>
</record>
